000 00506nam a2200133Ia 4500
008 171212s9999 xx 000 0 und d
020 _a9780833045775
100 _aLowell, Julia F.
245 _cLowell, Julia F.
_aState Arts Policy
_bTrends and Future Prospects
260 _bRAND Corporation
_c2008
650 _aGovernment aid to the arts -- United States; Art commissions -- United States; U.S. states -- Cultural policy
650 _aPolitical Science
856 _uwww.jstor.org/stable/10.7249/mg817wf
999 _c352561
_d352561